| 000 | 00405nam a22001577a 4500 | ||
|---|---|---|---|
| 003 | MACL | ||
| 005 | 20150621125515.0 | ||
| 008 | 150621b xxu||||| |||| 00| 0 eng d | ||
| 040 | _cMACL | ||
| 082 | _a355.6 | ||
| 100 |
_aSingh, Wg. Cdr. P. _9295 |
||
| 245 | _aCDS Combined Defence Services Entrance Exam. | ||
| 260 |
_aNew Delhi _bUnique Publishers _c2013 |
||
| 650 |
_aCDS _9296 |
||
| 942 |
_2ddc _cBK _k355.6 |
||
| 999 |
_c49898 _d49898 |
||